[Event "Titled Tuesday intern op 20th May Late"]
[Site "Chess.com INT"]
[Date "2025.05.20"]
[Round "6"]
[White "Arabidze, Meri"]
[Black "Pribelszky, Bence Daniel"]
[Result "1-0"]
[WhiteElo "2440"]
[BlackElo "2400"]
[PlyCount "49"]
[EventDate "2025.05.20"]
[EventType "swiss (blitz)"]
[EventRounds "11"]
[EventCountry "USA"]
[SourceTitle "CB22_2025"]
[SourceDate "2025.05.28"]
[SourceVersion "1"]
[SourceVersionDate "2025.05.28"]
[SourceQuality "1"]

1. d4 Nf6 2. c4 e6 3. Nf3 Bb4+ 4. Bd2 Bxd2+ 5. Qxd2 0-0 6. g3 d6 7. Bg2 Nc6 8. 0-0 e5 9. Nc3 Re8 10. d5 Ne7 11. e4 Ng6 12. Ne1 Rf8 13. Nd3 Ng4 14. c5 f5 15. cxd6 cxd6 16. exf5 Bxf5 17. Ne4 Nf4 18. gxf4 Qh4 19. Rfe1 Qxh2+ 20. Kf1 exf4 21. Qxf4 Bxe4 22. Qxe4 Rxf2+ 23. Nxf2 Rf8 24. Qe6+ Kh8 25. Qxg4 1-0

[Event "Titled Tuesday intern op 20th May Late"]
[Site "Chess.com INT"]
[Date "2025.05.20"]
[Round "2"]
[White "Arabidze, Meri"]
[Black "Sarana, Alexey"]
[Result "0-1"]
[WhiteElo "2440"]
[BlackElo "2686"]
[PlyCount "102"]
[EventDate "2025.05.20"]
[EventType "swiss (blitz)"]
[EventRounds "11"]
[EventCountry "USA"]
[SourceTitle "CB22_2025"]
[SourceDate "2025.05.28"]
[SourceVersion "1"]
[SourceVersionDate "2025.05.28"]
[SourceQuality "1"]

1. d4 Nf6 2. c4 e6 3. Nf3 d5 4. Nc3 Nbd7 5. Bg5 h6 6. Bh4 c6 7. e3 g5 8. Bg3 Nh5 9. Be5 Nxe5 10. Nxe5 Nf6 11. h4 Rg8 12. hxg5 hxg5 13. Qc2 Bd6 14. 0-0-0 Qe7 15. Kb1 Bd7 16. f3 0-0-0 17. Ka1 Kb8 18. Be2 Rdf8 19. g4 Be8 20. Qb3 Bxe5 21. dxe5 Nd7 22. cxd5 exd5 23. f4 f6 24. exf6 Nxf6 25. f5 Qxe3 26. Rhe1 Qb6 27. Qa3 Bd7 28. Qd6+ Qc7 29. Qc5 Re8 30. a3 Qg3 31. Rg1 Qe5 32. Rh1 b6 33. Qf2 c5 34. Bf3 d4 35. Nb1 Qf4 36. Qg2 Re3 37. Nd2 Rge8 38. Rh6 Ng8 39. Rh7 Bc8 40. Ba8 R3e7 41. Rxe7 Rxe7 42. Nc4 Nf6 43. Rh1 Qxg4 44. Qc6 Qxf5 45. Qd6+ Rc7 46. Nxb6 Ne8 47. Qd8 axb6 48. Qxe8 Kxa8 49. Rh8 Kb7 50. Qa4 Qf1+ 51. Ka2 Be6+ 0-1

[Event "Titled Tuesday intern op 20th May Late"]
[Site "Chess.com INT"]
[Date "2025.05.20"]
[Round "3"]
[White "Goldin, Roman"]
[Black "Arabidze, Meri"]
[Result "0-1"]
[WhiteElo "2296"]
[BlackElo "2440"]
[PlyCount "88"]
[EventDate "2025.05.20"]
[EventType "swiss (blitz)"]
[EventRounds "11"]
[EventCountry "USA"]
[SourceTitle "CB22_2025"]
[SourceDate "2025.05.28"]
[SourceVersion "1"]
[SourceVersionDate "2025.05.28"]
[SourceQuality "1"]

1. e4 c5 2. Nf3 e6 3. c3 Nf6 4. e5 Nd5 5. g3 Nc6 6. Bg2 d6 7. exd6 Bxd6 8. 0-0 0-0 9. Re1 b6 10. Na3 Bb7 11. Nc4 Be7 12. a4 Rc8 13. d3 Qc7 14. h4 Rfd8 15. Qe2 Bf6 16. Bg5 h6 17. Bxf6 Nxf6 18. a5 b5 19. a6 Ba8 20. Nce5 Nxe5 21. Nxe5 Bxg2 22. Kxg2 Rd5 23. f4 h5 24. Qf3 Rcd8 25. Re2 g6 26. Rae1 Kg7 27. Kh3 Nd7 28. c4 Nxe5 29. fxe5 Rxd3 30. Qf6+ Kg8 31. Re4 b4 32. Rf4 R3d4 33. Ref1 Rxf4 34. Rxf4 Rd7 35. Qg5 Qd8 36. Qh6 Rd4 37. Rf6 Qe8 38. Qe3 Rxc4 39. Qf3 Rd4 40. Qb7 Rd7 41. Qc6 Qe7 42. Qc8+ Kg7 43. Qc6 Rd5 44. Qc8 Rxe5 0-1

[Event "EU-ch (Women) 25th"]
[Site "Rhodes"]
[Date "2025.04.11"]
[Round "11"]
[White "Arabidze, Meri"]
[Black "Doluhanova, Evgeniya"]
[Result "1-0"]
[WhiteElo "2447"]
[BlackElo "2266"]
[PlyCount "83"]
[EventDate "2025.03.31"]
[EventType "swiss"]
[EventRounds "11"]
[EventCountry "GRE"]
[SourceTitle "CB16_2025"]
[SourceDate "2025.04.16"]
[SourceVersion "1"]
[SourceVersionDate "2025.04.16"]
[SourceQuality "1"]

1. d4 Nf6 2. c4 e6 3. Nc3 Bb4 4. g3 0-0 5. Bg2 d6 6. Nf3 Nbd7 7. 0-0 e5 8. Qc2 c6 9. a3 Bxc3 10. Qxc3 e4 11. Ng5 d5 12. b3 b5 13. cxb5 cxb5 14. Bf4 h6 15. Nh3 Nb6 16. Rac1 Bf5 17. f3 Qe7 18. g4 Rfc8 19. Qe3 Bg6 20. g5 hxg5 21. Bxg5 Qxa3 22. Rxc8+ Rxc8 23. Bxf6 gxf6 24. fxe4 dxe4 25. Nf4 f5 26. h4 Qb2 27. Kh2 Qc3 28. Qg1 Qc7 29. h5 Nd5 30. e3 Nxf4 31. Rxf4 Bxh5 32. Bxe4+ Kf8 33. Bxf5 Re8 34. Qf2 Bd1 35. b4 Bb3 36. Qg3 Re7 37. e4 f6 38. Qh4 Qc2+ 39. Rf2 Qc7+ 40. e5 Rf7 41. Bg6 fxe5 42. Bxf7 1-0

[Event "EU-ch (Women) 25th"]
[Site "Rhodes"]
[Date "2025.04.10"]
[Round "10"]
[White "Maltsevskaya, Aleksandra"]
[Black "Arabidze, Meri"]
[Result "1-0"]
[WhiteElo "2383"]
[BlackElo "2447"]
[PlyCount "71"]
[EventDate "2025.03.31"]
[EventType "swiss"]
[EventRounds "11"]
[EventCountry "GRE"]
[SourceTitle "CB16_2025"]
[SourceDate "2025.04.16"]
[SourceVersion "1"]
[SourceVersionDate "2025.04.16"]
[SourceQuality "1"]

1. e4 e5 2. Bc4 Nc6 3. d3 Nf6 4. Nf3 Bc5 5. Nbd2 d6 6. c3 a6 7. a4 Ba7 8. a5 0-0 9. Nf1 Ne7 10. Ng3 Ng6 11. 0-0 c6 12. Bb3 Re8 13. Ng5 d5 14. Nh5 h6 15. Nh3 Be6 16. Kh1 Nxh5 17. Qxh5 Qd7 18. exd5 Bxd5 19. Bxd5 Qxd5 20. Be3 Bxe3 21. fxe3 Qxd3 22. Rad1 Qc4 23. Nf2 Rad8 24. h3 Rd5 25. e4 Nf4 26. Qf3 Rdd8 27. Ng4 f6 28. g3 Ne6 29. b3 Qxb3 30. Rb1 Qc2 31. Rxb7 Rf8 32. Nxh6+ Kh8 33. Nf5 g6 34. Qg4 Ng5 35. Qh4+ Kg8 36. Rg7# 1-0

[Event "EU-ch (Women) 25th"]
[Site "Rhodes"]
[Date "2025.04.02"]
[Round "3"]
[White "Arabidze, Meri"]
[Black "Mkrtchyan, Mariam"]
[Result "1/2-1/2"]
[WhiteElo "2447"]
[BlackElo "2282"]
[PlyCount "52"]
[EventDate "2025.03.31"]
[EventType "swiss"]
[EventRounds "11"]
[EventCountry "GRE"]
[SourceTitle "CB16_2025"]
[SourceDate "2025.04.16"]
[SourceVersion "1"]
[SourceVersionDate "2025.04.16"]
[SourceQuality "1"]

1. d4 d5 2. c4 c6 3. Nf3 Nf6 4. g3 g6 5. Bg2 Bg7 6. 0-0 0-0 7. a4 Bf5 8. Nc3 dxc4 9. a5 Na6 10. Qa4 Be6 11. e4 Qc8 12. Ng5 b5 13. axb6 axb6 14. Nxe6 b5 15. Qd1 Qxe6 16. d5 cxd5 17. exd5 Qb6 18. Qe2 Nc5 19. Rxa8 Rxa8 20. d6 Re8 21. dxe7 Ne6 22. Qe5 b4 23. Nd5 Nxd5 24. Qxd5 Qc7 25. Qb5 Rxe7 26. Qxb4 c3 1/2-1/2

[Event "Titled Tuesday intern op 25th Mar Early"]
[Site "Chess.com INT"]
[Date "2025.03.25"]
[Round "5"]
[White "Arabidze, Meri"]
[Black "Ebrahimi Herab, Hamidreza"]
[Result "0-1"]
[WhiteElo "2447"]
[BlackElo "2417"]
[PlyCount "116"]
[EventDate "2025.03.25"]
[EventType "swiss (blitz)"]
[EventRounds "11"]
[EventCountry "USA"]
[SourceTitle "CB14_2025"]
[SourceDate "2024.11.01"]
[SourceVersion "1"]
[SourceVersionDate "2024.11.01"]
[SourceQuality "1"]

1. d4 Nf6 2. c4 g6 3. g3 Bg7 4. Bg2 d5 5. cxd5 Nxd5 6. e4 Nb6 7. Ne2 c5 8. d5 e6 9. 0-0 0-0 10. Nec3 Na6 11. a4 Re8 12. Na3 exd5 13. exd5 Bd7 14. d6 Bc6 15. Nab5 Bxg2 16. Kxg2 Qd7 17. Bf4 h6 18. h4 Nc4 19. b3 Ne5 20. Rc1 Rad8 21. Qd2 Qf5 22. Nd5 Kh7 23. Qc2 Nd3 24. Qc4 Nxc1 25. Bxc1 Re4 26. Qd3 Nb4 27. Nxb4 Rxb4 28. Qxf5 gxf5 29. Ba3 Rxb3 30. Bxc5 a6 31. Nc7 Rd3 32. a5 Bf8 33. Re1 Bxd6 34. Bb6 Bxc7 35. Bxc7 R8d7 36. Bb6 f4 37. gxf4 R3d6 38. h5 Rc6 39. Re5 Kg7 40. Kf3 Rdd6 41. Kg2 Rxb6 42. axb6 Rxb6 43. Rc5 Rb5 44. Rc7 a5 45. Kf3 a4 46. Rc4 Rb3+ 47. Kg4 b5 48. Rc6 a3 49. Ra6 Rb2 50. f5 Rb4+ 51. f4 Ra4 52. f6+ Kh7 53. Rb6 a2 54. Rb7 a1Q 55. Rxf7+ Kg8 56. Rg7+ Kf8 57. Kf5 Qb1+ 58. Ke6 Qe4+ 0-1

[Event "Titled Tuesday intern op 25th Mar Early"]
[Site "Chess.com INT"]
[Date "2025.03.25"]
[Round "11"]
[White "Arabidze, Meri"]
[Black "Nguyen, Ngoc Truong Son"]
[Result "0-1"]
[WhiteElo "2447"]
[BlackElo "2632"]
[PlyCount "142"]
[EventDate "2025.03.25"]
[EventType "swiss (blitz)"]
[EventRounds "11"]
[EventCountry "USA"]
[SourceTitle "CB14_2025"]
[SourceDate "2024.11.01"]
[SourceVersion "1"]
[SourceVersionDate "2024.11.01"]
[SourceQuality "1"]

1. Nf3 Nf6 2. c4 e6 3. d4 d5 4. Nc3 Be7 5. Bg5 h6 6. Bh4 0-0 7. e3 c5 8. cxd5 cxd4 9. Qxd4 Nxd5 10. Bxe7 Nxe7 11. Be2 Nbc6 12. Qxd8 Rxd8 13. 0-0 Bd7 14. Rac1 Kf8 15. Rfd1 Be8 16. a3 Nf5 17. b4 Ke7 18. Kf1 Rxd1+ 19. Rxd1 Rc8 20. Ne4 Nb8 21. g4 Bc6 22. Nc5 Nd6 23. Ne5 Be8 24. Bf3 b6 25. Ne4 Nxe4 26. Bxe4 Rc3 27. Ra1 Ba4 28. h3 g5 29. Kg2 f6 30. Nf3 Nc6 31. Kg3 Nd8 32. Nd4 Nf7 33. Ne2 Rc7 34. Nd4 Nd6 35. Bf3 Rc3 36. h4 e5 37. Nf5+ Nxf5+ 38. gxf5 Bd7 39. hxg5 hxg5 40. Be4 a5 41. f3 a4 42. Ra2 Rxe3 43. Kf2 Rc3 44. Ra1 Bb5 45. Ra2 Bc4 46. Ra1 b5 47. Kg2 Kd6 48. Kf2 Kc7 49. Kg3 Bd3 50. Kg4 Bxe4 51. fxe4 Re3 52. Kh5 Kd6 53. Kg6 Ke7 54. Rc1 Rxa3 55. Rc7+ Kd6 56. Ra7 Re3 57. Kxf6 Rxe4 58. Kxg5 Rxb4 59. f6 Rf4 60. Kg6 e4 61. f7 e3 62. Ra6+ Kd5 63. Rf6 Rxf6+ 64. Kxf6 e2 65. f8Q e1Q 66. Qf7+ Kc5 67. Qc7+ Kb4 68. Qd6+ Kb3 69. Qd5+ Kc2 70. Qxb5 Qc3+ 71. Kg5 a3 0-1

[Event "Titled Tuesday intern op 18th Mar Late"]
[Site "Chess.com INT"]
[Date "2025.03.18"]
[Round "11"]
[White "Arabidze, Meri"]
[Black "Pribelszky, Bence Daniel"]
[Result "0-1"]
[WhiteElo "2447"]
[BlackElo "2400"]
[PlyCount "72"]
[EventDate "2025.03.18"]
[EventType "swiss (blitz)"]
[EventRounds "11"]
[EventCountry "USA"]
[SourceTitle "CB13_2025"]
[SourceDate "2025.03.26"]
[SourceVersion "1"]
[SourceVersionDate "2025.03.26"]
[SourceQuality "1"]

1. Nf3 d5 2. c4 d4 3. b4 g6 4. d3 Bg7 5. g3 e5 6. Nbd2 Ne7 7. Bg2 0-0 8. 0-0 Nd7 9. Bb2 c5 10. a3 Rb8 11. Ng5 b6 12. Qa4 Qc7 13. Nb3 h6 14. Ne4 f5 15. Ned2 Bb7 16. bxc5 Bxg2 17. Kxg2 bxc5 18. Rfb1 Rb6 19. Na5 Ra6 20. Ndb3 Nc6 21. Qb5 Rb6 22. Nxc6 Rxb5 23. cxb5 e4 24. a4 exd3 25. e3 dxe3 26. Bxg7 Kxg7 27. fxe3 Re8 28. Re1 c4 29. Nbd4 c3 30. Red1 Rxe3 31. Kf2 f4 32. Ra3 c2 33. Rda1 d2 34. Nxc2 Re6 35. Rd1 fxg3+ 36. hxg3 Nc5 0-1

[Event "Titled Tuesday intern op 18th Mar Late"]
[Site "Chess.com INT"]
[Date "2025.03.18"]
[Round "9"]
[White "Bardyk, Artem"]
[Black "Arabidze, Meri"]
[Result "1-0"]
[WhiteElo "2257"]
[BlackElo "2447"]
[PlyCount "55"]
[EventDate "2025.03.18"]
[EventType "swiss (blitz)"]
[EventRounds "11"]
[EventCountry "USA"]
[SourceTitle "CB13_2025"]
[SourceDate "2025.03.26"]
[SourceVersion "1"]
[SourceVersionDate "2025.03.26"]
[SourceQuality "1"]

1. e4 c5 2. Nf3 e6 3. g3 d5 4. d3 Nf6 5. Qe2 Nc6 6. Bg2 Be7 7. 0-0 0-0 8. e5 Nd7 9. c4 Re8 10. h4 Bf8 11. Rd1 Rb8 12. Bf4 b5 13. cxd5 exd5 14. d4 cxd4 15. Nxd4 Ncxe5 16. Nc3 Bb7 17. Rac1 a6 18. Nxd5 Ng6 19. Qd2 Nxf4 20. Qxf4 Nb6 21. Nc6 Bxc6 22. Rxc6 Re6 23. Rxe6 fxe6 24. Nf6+ Qxf6 25. Qxb8 Na4 26. Rd8 Nxb2 27. Bh3 h6 28. Rxf8+ 1-0

[Event "Titled Tuesday intern op 18th Mar Late"]
[Site "Chess.com INT"]
[Date "2025.03.18"]
[Round "6"]
[White "Harriott, Tyrell"]
[Black "Arabidze, Meri"]
[Result "0-1"]
[WhiteElo "1924"]
[BlackElo "2447"]
[PlyCount "92"]
[EventDate "2025.03.18"]
[EventType "swiss (blitz)"]
[EventRounds "11"]
[EventCountry "USA"]
[SourceTitle "CB13_2025"]
[SourceDate "2025.03.26"]
[SourceVersion "1"]
[SourceVersionDate "2025.03.26"]
[SourceQuality "1"]

1. d4 d5 2. e3 Nf6 3. Bd3 c5 4. c3 e6 5. f4 Be7 6. Nd2 b6 7. Ngf3 0-0 8. Qe2 a5 9. 0-0 Ba6 10. Bxa6 Nxa6 11. Ne5 Qc7 12. b3 cxd4 13. cxd4 Qc2 14. Rb1 Rfc8 15. Rb2 Qc7 16. Rb1 Nb4 17. Ba3 Nxa2 18. Bxe7 Qxe7 19. Ra1 Nc3 20. Qd3 b5 21. Rfc1 b4 22. Nf1 Nfe4 23. Qc2 f6 24. Nd3 Rc7 25. Ng3 Qd6 26. Nxe4 dxe4 27. Nc5 Rxc5 28. dxc5 Qxc5 29. Qd2 Qd5 30. Qc2 Rd8 31. Re1 Qd3 32. Qf2 Qd5 33. Rac1 Qxb3 34. f5 Qd5 35. fxe6 Qxe6 36. Rc2 a4 37. Rec1 a3 38. h3 h6 39. Kh1 a2 40. Rb2 Rd1+ 41. Rxd1 Nxd1 42. Qd2 Nxb2 43. Qxb2 b3 44. Kg1 Kh7 45. Kh1 Qe5 46. Qxb3 a1Q+ 0-1

[Event "Titled Tuesday intern op 18th Mar Late"]
[Site "Chess.com INT"]
[Date "2025.03.18"]
[Round "1"]
[White "Yarikov, Artem"]
[Black "Arabidze, Meri"]
[Result "0-1"]
[WhiteElo "2110"]
[BlackElo "2447"]
[PlyCount "72"]
[EventDate "2025.03.18"]
[EventType "swiss (blitz)"]
[EventRounds "11"]
[EventCountry "USA"]
[SourceTitle "CB13_2025"]
[SourceDate "2025.03.26"]
[SourceVersion "1"]
[SourceVersionDate "2025.03.26"]
[SourceQuality "1"]

1. c4 e6 2. Nc3 d5 3. cxd5 exd5 4. d4 c6 5. Nf3 Nd7 6. Bf4 Ngf6 7. e3 Be7 8. h3 Nf8 9. Bd3 Ne6 10. Bh2 Bd6 11. Ne5 Qe7 12. 0-0 Nd7 13. f4 Nf6 14. a3 0-0 15. Qf3 Rd8 16. Kh1 c5 17. Nb5 a6 18. Nxd6 Qxd6 19. Rac1 c4 20. Bb1 b5 21. h4 Qb6 22. g4 Bb7 23. h5 Ne4 24. Qg2 f6 25. Nf3 h6 26. Nh4 Re8 27. Nf5 Kh8 28. Ng3 Nxd4 29. exd4 Qxd4 30. Nxe4 dxe4 31. Rcd1 Qb6 32. Bg1 e3 33. Rd5 Qe6 34. Rfd1 e2 35. f5 exd1Q 36. fxe6 Qxd5 0-1

[Event "Titled Tuesday intern op 11th Mar Early"]
[Site "Chess.com INT"]
[Date "2025.03.11"]
[Round "4"]
[White "Arabidze, Meri"]
[Black "Baches Garcia, Guillermo"]
[Result "1/2-1/2"]
[WhiteElo "2447"]
[BlackElo "2312"]
[PlyCount "41"]
[EventDate "2025.03.11"]
[EventType "swiss (blitz)"]
[EventRounds "11"]
[EventCountry "USA"]
[SourceTitle "CB12_2025"]
[SourceDate "2025.03.19"]
[SourceVersion "1"]
[SourceVersionDate "2025.03.19"]
[SourceQuality "1"]

1. d4 Nf6 2. c4 e6 3. Nc3 Bb4 4. f3 c5 5. d5 0-0 6. e4 Re8 7. d6 Nc6 8. a3 Ba5 9. Be3 b6 10. b4 cxb4 11. Nb5 bxa3+ 12. Kf2 Rf8 13. Rxa3 Bb7 14. Nh3 Ne8 15. Rd3 Rc8 16. f4 a6 17. Nc3 Nb4 18. Rd4 Nc6 19. Rd3 Nb4 20. Rd4 Nc6 21. Rd3 1/2-1/2

[Event "Titled Tuesday intern op 11th Mar Late"]
[Site "Chess.com INT"]
[Date "2025.03.11"]
[Round "1"]
[White "Araujo Filho, Luiz Antonio"]
[Black "Arabidze, Meri"]
[Result "0-1"]
[WhiteElo "2077"]
[BlackElo "2447"]
[PlyCount "54"]
[EventDate "2025.03.11"]
[EventType "swiss (blitz)"]
[EventRounds "11"]
[EventCountry "USA"]
[SourceTitle "CB12_2025"]
[SourceDate "2025.03.19"]
[SourceVersion "1"]
[SourceVersionDate "2025.03.19"]
[SourceQuality "1"]

1. d4 d5 2. Nf3 Nf6 3. e3 e6 4. Bd3 b6 5. Nbd2 Be7 6. Qe2 0-0 7. 0-0 a5 8. e4 Ba6 9. e5 Nfd7 10. c4 c6 11. b3 Qc8 12. Bb2 Qb7 13. Rfe1 b5 14. Rab1 Qa7 15. cxb5 cxb5 16. Bxb5 Bxb5 17. Qxb5 a4 18. Rec1 h6 19. b4 a3 20. Ba1 Nb6 21. Qd3 Na6 22. Bc3 Rfc8 23. Nb3 Nxb4 24. Bxb4 Bxb4 25. Qb5 Bf8 26. Nc5 Nc4 27. Nb3 Rab8 0-1

[Event "Titled Tuesday intern op 11th Mar Late"]
[Site "Chess.com INT"]
[Date "2025.03.11"]
[Round "2"]
[White "Oberoi, Shelev"]
[Black "Arabidze, Meri"]
[Result "1-0"]
[WhiteElo "2174"]
[BlackElo "2447"]
[PlyCount "81"]
[EventDate "2025.03.11"]
[EventType "swiss (blitz)"]
[EventRounds "11"]
[EventCountry "USA"]
[SourceTitle "CB12_2025"]
[SourceDate "2025.03.19"]
[SourceVersion "1"]
[SourceVersionDate "2025.03.19"]
[SourceQuality "1"]

1. d4 d5 2. Nc3 Nf6 3. Bf4 e6 4. Nb5 Na6 5. e3 Be7 6. Nf3 0-0 7. h4 c6 8. Nc3 c5 9. h5 Qb6 10. Rb1 h6 11. g4 Nxg4 12. Rg1 f5 13. Ne5 cxd4 14. exd4 Nxe5 15. dxe5 Kh7 16. Qf3 Qc7 17. Qg3 Bg5 18. Bxg5 hxg5 19. Nb5 Qe7 20. Qxg5 Qxg5 21. Rxg5 Bd7 22. Nd4 Nc5 23. Bd3 Ne4 24. Rg2 Rh8 25. f3 Nc5 26. Kd2 Kg8 27. Rbg1 Rh7 28. h6 Rxh6 29. Rxg7+ Kh8 30. b4 Rh2+ 31. Ke3 f4+ 32. Kxf4 Nxd3+ 33. cxd3 Rf8+ 34. Ke3 Ba4 35. Nxe6 d4+ 36. Nxd4 a5 37. bxa5 Rh3 38. R7g3 Rh4 39. Rg4 Rh3 40. e6 Bc6 41. e7 1-0

[Event "Titled Tuesday intern op 04th Mar Early"]
[Site "Chess.com INT"]
[Date "2025.03.04"]
[Round "1"]
[White "Arabidze, Meri"]
[Black "Azizoglu, Ferzan"]
[Result "1-0"]
[WhiteElo "2447"]
[BlackElo "2055"]
[PlyCount "125"]
[EventDate "2025.03.04"]
[EventType "swiss (blitz)"]
[EventRounds "11"]
[EventCountry "USA"]
[SourceTitle "CB11_2025"]
[SourceDate "2025.03.12"]
[SourceVersion "1"]
[SourceVersionDate "2025.03.12"]
[SourceQuality "1"]

1. d4 d5 2. c4 e6 3. Nc3 Nf6 4. cxd5 exd5 5. Bg5 c6 6. e3 Be7 7. Bd3 Nbd7 8. Nge2 Nf8 9. Qc2 Ne6 10. Bh4 g6 11. h3 Ng7 12. g4 h5 13. g5 Nd7 14. f4 Nf8 15. Ng3 Be6 16. 0-0-0 Qd7 17. Na4 Nf5 18. Nxf5 Bxf5 19. Bxf5 Qxf5 20. Qxf5 gxf5 21. Bf2 Ng6 22. Kc2 Kd8 23. b4 b6 24. Kb3 Kd7 25. Rc1 Rhe8 26. Rc2 Rac8 27. Rhc1 Bd6 28. Nc3 b5 29. Ne2 a5 30. bxa5 Ra8 31. Ng3 Ne7 32. Be1 Rh8 33. a3 Bc7 34. Bb4 Bd6 35. Ne2 Ra6 36. Ng1 h4 37. Nf3 Ng6 38. Be1 Bc7 39. Bb4 Rc8 40. Kb2 Bxa5 41. Bxa5 Rxa5 42. Rc3 Ra4 43. Rb3 Rc4 44. Rbc3 Ra8 45. Ne1 Re8 46. Nc2 Ra8 47. Nb4 Ne7 48. Nd3 Kd6 49. Ne5 Rxc3 50. Nxf7+ Ke6 51. Rxc3 Kxf7 52. Kb3 Ke6 53. Kb4 Ra4+ 54. Kb3 Rc4 55. Kb2 Ng6 56. Kb3 Kd6 57. Kb2 c5 58. dxc5+ Kxc5 59. Rd3 d4 60. exd4+ Rxd4 61. Re3 Rxf4 62. Re6 Rf2+ 63. Kc1 1-0

[Event "Titled Tuesday intern op 04th Mar Early"]
[Site "Chess.com INT"]
[Date "2025.03.04"]
[Round "10"]
[White "Vakhlamov, Igor L"]
[Black "Arabidze, Meri"]
[Result "1-0"]
[WhiteElo "2413"]
[BlackElo "2447"]
[PlyCount "125"]
[EventDate "2025.03.04"]
[EventType "swiss (blitz)"]
[EventRounds "11"]
[EventCountry "USA"]
[SourceTitle "CB11_2025"]
[SourceDate "2025.03.12"]
[SourceVersion "1"]
[SourceVersionDate "2025.03.12"]
[SourceQuality "1"]

1. e4 c5 2. Nf3 e6 3. Nc3 a6 4. d4 cxd4 5. Nxd4 b5 6. Bd3 Bb7 7. 0-0 Nc6 8. Nxc6 Bxc6 9. Re1 Qb8 10. a4 b4 11. Nd5 Bd6 12. Qh5 Bxd5 13. exd5 Nf6 14. Qg5 0-0 15. dxe6 fxe6 16. Qh4 Bc5 17. Be3 Qc7 18. Rad1 a5 19. b3 Rf7 20. Re2 Raf8 21. Qc4 Rc8 22. Qh4 Rcf8 23. h3 Qb6 24. Rdd2 Bxe3 25. Rxe3 g6 26. Bc4 Nh5 27. Qd4 Qxd4 28. Rxd4 d5 29. Bb5 Rxf2 30. Rxe6 Rxc2 31. Re2 Rc1+ 32. Kh2 Nf4 33. Rf2 g5 34. g3 Ne6 35. Rxf8+ Kxf8 36. Rxd5 Rc2+ 37. Kg1 Rc3 38. Bc4 Rxg3+ 39. Kh2 Rc3 40. Rf5+ Ke7 41. Re5 Rxc4 42. bxc4 Kd6 43. Rxa5 Nc5 44. Rb5 b3 45. a5 h5 46. Kg3 Kc6 47. Kf3 Kd6 48. Rb6+ Kc7 49. Rb4 Kc6 50. Rb5 Kd6 51. Ke3 g4 52. hxg4 hxg4 53. Kf4 b2 54. Kxg4 Nd3 55. a6 Ne5+ 56. Kg3 Nxc4 57. a7 Kc6 58. Rb8 Nb6 59. Rxb6+ Kxb6 60. a8Q b1Q 61. Qb8+ Ka6 62. Qxb1 Ka7 63. Kf4 1-0